• 首页
  • 本馆介绍
  • 公告通知
  • 最新文献
  • 馆藏检索
  • 电子资源
  • 读者导购
  • 参考咨询
  • 我的图书馆
  • 登录
  • 详细信息显示
  • 放入我的书架
  • 预约/预借图书
  • 作者相关作品
  • 分类相关作品
  • 丛书相关作品
  • 出版社相关作品

书目信息

  • 表格格式
  • 工作单格式
  • 卡片格式
题名:
西方法律思想史
    
 
作者: 谷春德 , 史彤彪 主编
分册:  
出版信息: 北京   中国人民大学出版社  2014
页数: 11,337页
开本: 26cm
丛书名:
单 册:
中图分类: D909.1
科图分类:
主题词: 法律--思想史--西方国家--高等学校--教材
电子资源:
ISBN: 978-7-300-18431-9
000 00996nam0 2200265 450
001 351573
005 20161017102614.27
010    @a978-7-300-18431-9@dCNY39.80
100    @a20140224d2014 em y0chiy50 ea
101 0  @achi
102    @aCN@b110000
105    @aa z 000yy
106    @ar
200 1  @a西方法律思想史@f谷春德, 史彤彪主编
205    @a4版
210    @a北京@c中国人民大学出版社@d2014
215    @a11,337页@d26cm
300    @a21世纪法学系列教材/曾宪义,王利明总主编
330    @a本书全面系统地阐述了古希腊罗马、中世纪、近现代和当代西方法律思想,揭示了西方法律思想发展规律,重点评述了著名思想家的法律思想及其著作。对当代西方法学思潮发展趋势,特别是对新自然法学、新分析法学、社会学法学、经济分析法学和批判法学五强法学学派进行了深入阐述。
606 0  @a法律@x思想史@x西方国家@x高等学校@j教材
690    @aD909.1@v5
701  0 @a谷春德@f(1931~)@4主编@4撰稿
701  0 @a史彤彪@f(1962~)@4主编@4撰稿
801  0 @aCN@bTANGWEI@c20160820
905    @b0895355-9@dD909.1@e645=4@f5
    
    西方法律思想史/谷春德, 史彤彪主编.-4版.-北京:中国人民大学出版社,2014
    11,337页;26cm
    21世纪法学系列教材/曾宪义,王利明总主编
    
    ISBN 978-7-300-18431-9:CNY39.80
    本书全面系统地阐述了古希腊罗马、中世纪、近现代和当代西方法律思想,揭示了西方法律思想发展规律,重点评述了著名思想家的法律思想及其著作。对当代西方法学思潮发展趋势,特别是对新自然法学、新分析法学、社会学法学、经济分析法学和批判法学五强法学学派进行了深入阐述。
●
相关链接 在E读中查询图书 在五车中查询图书 在当当中查询图书 在豆瓣中查询图书


正题名:西方法律思想史     索取号:D909.1/645=4         预约/预借

序号 登录号 条形码 馆藏地/架位号 状态 备注
1 0895355   208953550   第一样本阅览室/ [索取号:D909.1/645=4] 在馆    
2 0895356   208953569   第一借阅区/ [索取号:D909.1/645=4] 在馆    
3 0895357   208953578   第一借阅区/ [索取号:D909.1/645=4] 在馆    
4 0895358   208953587   第一借阅区/ [索取号:D909.1/645=4] 在馆    
5 0895359   208953596   密集书库-史法系/ [索取号:D909.1/645=4] 在馆    
唐山师范学院图书馆 欢迎您!
大连网信软件有限公司© 版权所有